000 00461nam a2200193Ia 4500
005 20240823020635.0
008 240823s9999||||xx |||||||||||||| ||und||
041 _aENGLISH
082 _A629.8312 N1
100 _aNagrath I J
245 0 _aControl System Engineering
250 _a2nd
260 _c1991
_b"Wiley,New Delhi"
500 _aTransfered
650 _aControl System
_bInstrumentation
700 _a Gopal M
942 _cBK
999 _c175225
_d175225